000 00326 a2200157 4500
001 59894
020 _a3935229468
040 _cAnchieta - Pituba
100 _aClaus, Calle
240 1 0 _aFindrella
_lpor
245 1 0 _aFindrella
300 _a143
362 0 _a2007
650 4 _aLiteratura juvenil em alemão
942 _cBK
999 _c59894
_d59894